02969njm a2200445Ia 450000100060000000300090000600500170001500800410003204000130007304000130008604100130009910000110011210000180012310000380014124500460017925000110022526000110023626000370024730000100028450001720029450502990046665000500076570001470081570001920096270000870115470000670124170001450130870000790145370001170153270000790164970000820172870001300181070000890194070000940202970000720212370000700219570001000226570000710236570000870243623930IT-RoPAU20220918181120.0131025s9999 xx 000 0 und d aIT-RoPAU cIT-RoPAU aITALIANO aAA.VV. eAutore musica gCodice autore musica SPICS: 12000 aMotivi dell'allegria (I)-vol.1 (Lp 20052) a1a ed. aMILANO bCOMBO RECORDc1970 [1a Ed.:1970] aDISCO aCantano Adriano Valle, Gabriella Piccinini con Rocco Bandera, Victor Cellie, Gristina Jorio con Zuccheri e la sua orchestra. Canzoni popolari. Valzer, mazurka, marcia. aReginella campagnola - Rosamunda - Evviva la torre di Pisa - La mazurka della nonna - Valzer dell'organino - Francescamaria - Valzer del buonumore - Piemontesina - Sbarazzina - La romanina - Rosabella del Molise - Mazurca di Carolina - Valzer della fisarmonica - Il tamburo della banda d'Affori aPOPOLARE [DISCHI]eCodice MATERIA SPICS: 9950 aBruno C.dCodice autore musica SPICS: 13502eAutore musicapReginella campagnola - Sbarazzina - Mazurca di Carolina - Valzer della fisarmonica aDi Lazzaro EldodCodice autore musica SPICS: 13500eAutore musicapReginella campagnola - Valzer del buonumore - Sbarazzina - La romanina - Rosabella del Molise - Valzer della fisarmonica aNisa (Salerno Nicola)dCodice autore musica SPICS: 13452eAutore musicapRosamunda aVejvoda JaromirdCodice autore SPICS: 13982eAutorepRosamunda aRastelli NinodCodice autore musica SPICS: 13482eAutore musicapEvviva la torre di Pisa - Francescamaria - Il tamburo della banda d'Affori  aCasiroli NinodCodice autore SPICS: 13508eAutorepEvviva la torre di Pisa aCherubini BixiodCodice autore musica SPICS: 13442eAutore musicapLa mazurka della nonna - Valzer dell'organino aFragna ArmandodCodice autore SPICS: 13570eAutorepLa mazurka della nonna aBixio Cesare AndreadCodice autore SPICS: 13441eAutorepValzer dell'organino aPanzeri MariodCodice autore testo/musica SPICS: 13372eAutore testo/musicapFrancescamaria - Il tamburo della banda d'Affori aSchisadCodice autore testo/musica SPICS: 14193eAutore testo/musicapFrancescamaria aFrati EnricodCodice autore musica SPICS: 13443eAutore musicapPiemontesina - Sbarazzina aRaimondo GiovannidCodice autore SPICS: 13444eAutorepPiemontesina aMicheli GiuseppedCodice autore SPICS: 13556eAutorepLa romanina aGianipa (Giampa-Palmieri Gian Nicola)dCodice autore SPICS: 14194eAutorepRosabella del Molise aRedi GinodCodice autore SPICS: 13451eAutorepMazurca di Carolina aScaccia D.R.dCodice autore SPICS: 13183eAutorepIl tamburo della banda d'Affori